000 00318nam a22001337a 4500
008 170601b xxu||||| |||| 00| 0 eng d
020 _a9780205388486
041 _aeng
080 _22ND
_a94(7/8)
100 _a17
101 _aSHH
245 _aAN INTRODUCTION TO NATIVE NORTH AMERICA
_cSUTTON,M.Q
942 _2udc
_cBK
999 _c15243
_d15243